Indonesien-Quiz - Statistiken

Allgemein
  • Dieses Quiz wurde 3.931 mal gespielt
    3.921 seit der letzten Aktualisierung
  • Das Durchschnittsergebnis liegt bei 13 aus 24
Antwortstatistiken
Frage Antwort % Korrekt
Hauptstadt von Indonesien Jakarta
96%
Länder, die an Indonesien grenzen Malaysia
88%
Länder, die an Indonesien grenzen Papua-Neuguinea
82%
Länder, die an Indonesien grenzen Osttimor
79%
Beliebteste Ferieninsel Bali
76%
Diese Naturkatastrophe forderte 2004 130'000 Todesopfer in Indonesien Tsunami
76%
87,2% der Indonesier gehören dieser Religion an Islam
75%
Flächenmäßig größte Inseln Java
72%
Nationaltier {Komodo}-Waran
71%
Land, das Indonesien kolonisierte Niederlande
68%
Indonesien hat die größte Population dieses Menschenaffens Orangutan
63%
Flächenmäßig größte Inseln Borneo
61%
Flächenmäßig größte Inseln Sumatra
57%
Borobudur ist der weltweit größte Tempel dieser Religion Buddhismus
56%
Vulkan, dessen Ausbruch von 1883 einer der stärksten der Weltgeschichte bleibt Krakatau
38%
Rafflesia arnoldii ist weltweit die größte ____ und vielleicht sogar die mit dem unangenehmsten Geruch Blume
34%
Flächenmäßig größte Inseln Sulawesi
31%
Flächenmäßig größte Inseln Neuguinea
30%
Hauptexportgut des 17. und 18. Jahrhunderts Gewürze
27%
Hauptstadt der obigen Insel Denpasar
22%
Ehemaliger Name dieser Stadt Batavia
17%
Währung von Indonesien Rupiah
17%
Die beiden ersten Präsidenten Indonesiens (nennen Sie einen der beiden) Sukarno oder Suharto
14%
Supervulkan, der vor 74'000 Jahren ausbrach und dabei beinahe das Aussterben der Menschheit verursachte Toba
7%
Keine übereinstimmenden Quizze gefunden
Verteilung der Resultate
Anzahl Personen mit jedem Resultat
Perzentil nach korrekt beantworteten Fragen
Ihre Resultats-Entwicklung
Sie haben dieses Quiz seit der letzten Aktualisierung nicht gespielt